Nezastupiteľné miesto ZMOS vo verejnej správe nižšie príjmy obciam sťažujú spolufinancovanie pri čerpaní eurofondov
Podpredseda Združenia miest a obcí Slovenska Ing. Milan Muška hodnotí úlohy združenia v systéme verejnej správy. Dopad hospodárskej krízy na rozvoj miest a obcí. Priority ZMOS na najbližších 12 mesiacov.
Salvato in:
| Autore principale: | |
|---|---|
| Natura: | Capitolo di libro |
| Lingua: | slovacco |
| Soggetti: | |
| Tags: |
Nessun Tag, puoi essere il primo ad aggiungerne!!
|
MARC
| LEADER | 00000naa$a2200000$$$4500 | ||
|---|---|---|---|
| 001 | 0114262 | ||
| 005 | 20220725111519.1 | ||
| 041 | 0 | |a slo | |
| 044 | |a SK | ||
| 245 | 1 | 0 | |a Nezastupiteľné miesto ZMOS vo verejnej správe |b nižšie príjmy obciam sťažujú spolufinancovanie pri čerpaní eurofondov |c Ľubomír Mesároš |
| 520 | |a Podpredseda Združenia miest a obcí Slovenska Ing. Milan Muška hodnotí úlohy združenia v systéme verejnej správy. Dopad hospodárskej krízy na rozvoj miest a obcí. Priority ZMOS na najbližších 12 mesiacov. | ||
| 610 | 2 | 0 | |a mestá |
| 610 | 2 | 0 | |a obce |
| 610 | 2 | 0 | |a regióny |
| 610 | 2 | 0 | |a vývoj regionálny |
| 610 | 2 | 0 | |a vyššie územné celky |
| 610 | 2 | 0 | |a samospráva regionálna |
| 610 | 2 | 0 | |a hospodárenie finančné |
| 100 | 1 | |a Mesároš, Ľubomír | |